Statistics for Fortnite Heals Quiz

Click here to take the quiz!

General Stats

  • This quiz has been taken 106 times
  • The average score is 11 of 13

Answer Stats

ConsumableHow Long (In Seconds)How Much It Heals at a Time (Health / Shield)% Correct
Med Kit10100
100%
Shield Potion550
95%
Small Shield Potion225
92%
Chug Jug15100
89%
Bandages325
88%
Chug Splash020
86%
Chug Cannon015
82%
Apple15
80%
Slurpfish140
77%
Mushroom15
77%
Slurpshroom15
77%
Small Fry125
76%
Flopper140
74%

Score Distribution

Percentile by Number Answered

Percent of People with Each Score

Your Score History

You have not taken this quiz